000 00317nam a22001337a 4500
008 170612b xxu||||| |||| 00| 0 eng d
020 _a9780072322675
041 _aeng
080 _23RD
_a328
100 _a19
101 _aSHP
245 _aRESPRESENTATIVE GOVERNMENT IN MODERN EUROPE
_cGALLAGHER
942 _2udc
_cBK
999 _c16915
_d16915